[Event "Koge Lang Sommer Weekend"]
[Site "Koge"]
[Date "2020.07.23"]
[Round "3"]
[White "Meskenas, Paulius"]
[Black "Nilsson, Anders"]
[Result "0-1"]
[WhiteElo "2027"]
[BlackElo "2227"]
[PlyCount "134"]
[EventDate "2020.07.22"]
[EventType "swiss"]
[EventRounds "7"]
[EventCountry "DEN"]
[SourceTitle "EXT 2021"]
[Source "ChessBase"]
[SourceDate "2020.10.23"]
[SourceVersion "1"]
[SourceVersionDate "2020.10.23"]
[SourceQuality "1"]

1. e4 g6 2. d4 Bg7 3. Nf3 c6 4. c4 d6 5. Nc3 e5 6. dxe5 dxe5 7. Be3 Qxd1+ 8. Rxd1 Bg4 9. Be2 Bxf3 10. Bxf3 Bh6 11. Bc5 Nd7 12. Bd6 Ngf6 13. b4 Bf8 14. c5 Bxd6 15. Rxd6 Ke7 16. 0-0 Nf8 17. Be2 Rd8 18. Rxd8 Kxd8 19. Rd1+ Ke7 20. Bc4 N8d7 21. f3 a5 22. a3 Ra8 23. Kf2 axb4 24. axb4 Ra3 25. Rc1 h5 26. g3 h4 27. Be2 Ke8 28. Bc4 Kf8 29. Rc2 Ra1 30. Ba2 h3 31. Nb1 Nb8 32. g4 Na6 33. Rb2 Nh7 34. Nd2 Ng5 35. Bc4 Ra3 36. Bxa6 bxa6 37. Rb3 Ra2 38. Ke3 Ne6 39. Rc3 Nf4 40. Rb3 Ke7 41. Rb1 Kd8 42. Rb3 Kc7 43. Rb1 Kd7 44. Rb3 Ke6 45. Rb1 Kf6 46. Rb3 Kg5 47. Rc3 f6 48. Rb3 Kh6 49. Rb1 Kg7 50. Rb3 Kf7 51. Rb1 Ke7 52. Rb3 Kd7 53. Rb1 Kc7 54. Rb3 Ne6 55. Rd3 Nd4 56. Kf2 g5 57. Kg3 Ne2+ 58. Kf2 Nd4 59. Kg3 Rb2 60. f4 gxf4+ 61. Kxh3 Rxb4 62. Kg2 Rb2 63. h4 Kd7 64. h5 Ke7 65. Kh3 Ne6 66. Nf3 Rf2 67. g5 Rxf3+ 0-1

[Event "Vellmar op 10th"]
[Site "Vellmar"]
[Date "2018.07.14"]
[Round "4"]
[White "Nilsson, Anders"]
[Black "Ruhl, Moritz"]
[Result "1-0"]
[WhiteElo "2228"]
[BlackElo "1783"]
[PlyCount "41"]
[EventDate "2018.07.12"]
[EventType "swiss"]
[EventRounds "7"]
[EventCountry "GER"]
[SourceTitle "CBM 185 Extra"]
[Source "ChessBase"]
[SourceDate "2018.07.29"]
[SourceVersion "1"]
[SourceVersionDate "2018.07.29"]
[SourceQuality "1"]

1. d4 Nf6 2. Nf3 e6 3. Bg5 Be7 4. Nbd2 d5 5. e3 h6 6. Bh4 0-0 7. Ne5 Nfd7 8. Bxe7 Qxe7 9. f4 c5 10. c3 Nxe5 11. dxe5 Bd7 12. Bd3 Bc6 13. 0-0 Rd8 14. Qh5 d4 15. exd4 cxd4 16. c4 Qb4 17. Ne4 Bxe4 18. Bxe4 Nc6 19. f5 Nxe5 20. fxe6 f6 21. Qf5 1-0

[Event "Vellmar op 10th"]
[Site "Vellmar"]
[Date "2018.07.12"]
[Round "1"]
[White "Haack, Kevin"]
[Black "Nilsson, Anders"]
[Result "0-1"]
[WhiteElo "1869"]
[BlackElo "2228"]
[PlyCount "118"]
[EventDate "2018.07.12"]
[EventType "swiss"]
[EventRounds "7"]
[EventCountry "GER"]
[SourceTitle "CBM 185 Extra"]
[Source "ChessBase"]
[SourceDate "2018.07.29"]
[SourceVersion "1"]
[SourceVersionDate "2018.07.29"]
[SourceQuality "1"]

1. c4 b6 2. Nc3 Bb7 3. e4 e5 4. g3 Nc6 5. Bg2 Bc5 6. Nge2 Nge7 7. 0-0 0-0 8. d3 f5 9. a3 a5 10. Rb1 d6 11. exf5 Nxf5 12. b4 axb4 13. axb4 Bd4 14. Nxd4 Nfxd4 15. Be3 Qc8 16. Nd5 Kh8 17. b5 Nd8 18. Bxd4 exd4 19. Qh5 Qd7 20. Be4 g6 21. Bxg6 Qg7 22. Be4 Ne6 23. Qh4 Nc5 24. Rbe1 Bxd5 25. Bxd5 Rae8 26. Bc6 Rxe1 27. Rxe1 Qf6 28. Qxf6+ Rxf6 29. Re8+ Kg7 30. Be4 Kf7 31. Ra8 Nxe4 32. dxe4 Rf3 33. Kf1 Rc3 34. Ra4 Ke6 35. f4 Rc2 36. h4 d3 37. Ke1 Rg2 38. Ra3 Rxg3 39. Kd2 Rf3 40. f5+ Ke5 41. Rxd3 Rf4 42. Re3 Rxh4 43. Ke2 Rh2+ 44. Kd3 h5 45. Rf3 Ra2 46. Re3 h4 47. Re2 Ra3+ 48. Kd2 h3 49. Kc1 Ra1+ 50. Kb2 Rg1 51. Kc3 Rg3+ 52. Kb4 Rf3 53. Re1 h2 54. Rh1 Rh3 55. Ka4 Rh8 56. Kb3 Kxe4 57. f6 Kf3 58. f7 Kg2 59. Rxh2+ Kxh2 0-1

[Event "Deltalift op"]
[Site "Tylosand"]
[Date "2018.05.10"]
[Round "4"]
[White "Jepson, Christian"]
[Black "Nilsson, Anders"]
[Result "1/2-1/2"]
[WhiteElo "2415"]
[BlackElo "2226"]
[PlyCount "98"]
[EventDate "2018.05.10"]
[EventType "swiss"]
[EventRounds "8"]
[EventCountry "SWE"]
[SourceTitle "CBM 184 Extra"]
[Source "ChessBase"]
[SourceDate "2018.06.28"]
[SourceVersion "1"]
[SourceVersionDate "2018.06.28"]
[SourceQuality "1"]

1. Nf3 d5 2. c4 e6 3. g3 Nf6 4. Bg2 dxc4 5. 0-0 c5 6. Na3 Nc6 7. Nxc4 Be7 8. d3 0-0 9. a3 Nd5 10. Rb1 a5 11. Qc2 Bd7 12. e4 Nc7 13. Be3 Nb5 14. Qb3 Ncd4 15. Bxd4 a4 16. Qd1 Nxd4 17. Nxd4 cxd4 18. e5 Rb8 19. Qg4 b5 20. Nd2 b4 21. axb4 Rxb4 22. Be4 Qb8 23. Nc4 a3 24. Nxa3 Qxe5 25. f4 Qb8 26. f5 exf5 27. Bxf5 Bxf5 28. Qxf5 Rxb2 29. Rxb2 Qxb2 30. Nc4 Qe2 31. Rf2 Qe1+ 32. Rf1 Qe2 33. Rf2 Qd1+ 34. Rf1 Qe2 35. Rf2 Qe1+ 36. Kg2 Bf6 37. Nd6 h6 38. Qg4 Bg5 39. Nf5 g6 40. h4 Be3 41. Nxe3 Qxe3 42. h5 Qxd3 43. hxg6 Qxg6 44. Qxd4 Kh7 45. Rf6 Qg5 46. Qe4+ Kg7 47. Rf4 f5 48. Qe5+ Qf6 49. Rxf5 Qxe5 1/2-1/2

[Event "Prague Holiday M21"]
[Site "Prague"]
[Date "2013.07.21"]
[Round "1"]
[White "Dalling, Peter"]
[Black "Nilsson, Anders"]
[Result "1-0"]
[WhiteElo "1941"]
[BlackElo "2192"]
[PlyCount "93"]
[EventDate "2013.07.21"]
[EventType "tourn"]
[EventRounds "9"]
[EventCountry "CZE"]
[SourceTitle "EXT 2023"]
[Source "ChessBase"]
[SourceDate "2022.10.05"]
[SourceVersion "1"]
[SourceVersionDate "2022.10.05"]
[SourceQuality "1"]

1. Nc3 g6 2. e4 c6 3. d4 d5 4. Be2 dxe4 5. Nxe4 Bg7 6. Nf3 Nf6 7. Nxf6+ exf6 8. c3 0-0 9. 0-0 Be6 10. Be3 Nd7 11. Qd2 Re8 12. Rfe1 a5 13. a4 Nb6 14. Bf4 Bb3 15. Bd1 Bxd1 16. Qxd1 Nd5 17. Qd2 Bf8 18. Rxe8 Qxe8 19. Re1 Qd8 20. h4 h5 21. Re2 Qb6 22. Bg3 Qb3 23. Qc2 Qc4 24. Ne1 Bh6 25. Nd3 b6 26. Bd6 Kg7 27. g3 Rd8 28. Ba3 Rc8 29. f4 Kh7 30. Nf2 f5 31. Nd3 Bg7 32. Ne5 Bxe5 33. fxe5 Re8 34. Qd1 Nf6 35. Re3 Ng4 36. Rf3 Qd5 37. Qd3 Kg7 38. c4 Qd7 39. b3 f6 40. exf6+ Nxf6 41. Bb2 Re1+ 42. Kg2 Qe7 43. d5 cxd5 44. cxd5 Qe2+ 45. Qxe2 Rxe2+ 46. Rf2 Rxf2+ 47. Kxf2 1-0

[Event "Prague Holiday M21"]
[Site "Prague"]
[Date "2012.07.26"]
[Round "8"]
[White "Aigner, Georg"]
[Black "Nilsson, Anders"]
[Result "0-1"]
[WhiteElo "2007"]
[BlackElo "2194"]
[PlyCount "84"]
[EventDate "2012.07.22"]
[EventType "tourn"]
[EventRounds "9"]
[EventCountry "CZE"]
[SourceTitle "EXT 2023"]
[Source "ChessBase"]
[SourceDate "2022.10.05"]
[SourceVersion "1"]
[SourceVersionDate "2022.10.05"]
[SourceQuality "1"]

1. e4 e6 2. d4 d5 3. Nd2 Nc6 4. c3 e5 5. exd5 Qxd5 6. Qf3 Qxf3 7. Ngxf3 exd4 8. Nxd4 Nxd4 9. cxd4 Bb4 10. Bc4 Nf6 11. 0-0 Bxd2 12. Bxd2 Be6 13. Rfe1 Kd7 14. Bxe6+ fxe6 15. Rac1 Nd5 16. f3 Rhf8 17. Re4 a5 18. a3 Ra6 19. Rce1 a4 20. Rc1 Rb6 21. Rc2 Rb3 22. Kf2 Rf6 23. h4 Rf5 24. Bc1 Nf6 25. Re5 Ng4+ 26. Kf1 Nxe5 27. dxe5 Rd3 28. f4 h5 29. Ke2 Rd5 30. Ke3 c5 31. Bd2 Kc6 32. g3 b5 33. Bc3 Rf7 34. Ke4 Rd1 35. Rd2 Rxd2 36. Bxd2 g6 37. Kf3 Kd5 38. g4 hxg4+ 39. Kxg4 Rf5 40. Be3 b4 41. axb4 cxb4 42. Kf3 Kc4 0-1

[Event "Prague Holiday M21"]
[Site "Prague"]
[Date "2012.07.25"]
[Round "6"]
[White "Gregor, Jiri"]
[Black "Nilsson, Anders"]
[Result "0-1"]
[WhiteElo "2281"]
[BlackElo "2194"]
[PlyCount "66"]
[EventDate "2012.07.22"]
[EventType "tourn"]
[EventRounds "9"]
[EventCountry "CZE"]
[SourceTitle "EXT 2023"]
[Source "ChessBase"]
[SourceDate "2022.10.05"]
[SourceVersion "1"]
[SourceVersionDate "2022.10.05"]
[SourceQuality "1"]

1. d4 c5 2. d5 e5 3. e4 d6 4. h3 Be7 5. Nf3 Nf6 6. Nc3 h5 7. Be2 Nbd7 8. g3 Nf8 9. Be3 Ng6 10. Qd2 a6 11. a4 Qa5 12. Ra3 Bd7 13. Ng5 h4 14. g4 0-0 15. 0-0 Qd8 16. a5 Nh7 17. Nxh7 Kxh7 18. Rb1 Rg8 19. Nd1 Nf8 20. c4 g6 21. b4 cxb4 22. Rxb4 f5 23. f3 Bc8 24. Nb2 Kh8 25. Nd3 Nh7 26. f4 fxg4 27. fxe5 Ng5 28. exd6 Nxh3+ 29. Kh1 Bxd6 30. Bb6 Qf8 31. Bd4+ Kh7 32. c5 Bg3 33. Rab3 Qe7 0-1

[Event "Prague Holiday M21"]
[Site "Prague"]
[Date "2012.07.24"]
[Round "4"]
[White "Moravec, Vit"]
[Black "Nilsson, Anders"]
[Result "1-0"]
[WhiteElo "2141"]
[BlackElo "2194"]
[PlyCount "83"]
[EventDate "2012.07.22"]
[EventType "tourn"]
[EventRounds "9"]
[EventCountry "CZE"]
[SourceTitle "EXT 2023"]
[Source "ChessBase"]
[SourceDate "2022.10.05"]
[SourceVersion "1"]
[SourceVersionDate "2022.10.05"]
[SourceQuality "1"]

1. e4 e6 2. Nf3 d5 3. e5 Qd7 4. d4 b6 5. Bd3 Ba6 6. 0-0 Bxd3 7. Qxd3 Nc6 8. a3 f5 9. Nc3 Nge7 10. Ne2 0-0-0 11. Bd2 h6 12. Qa6+ Kb8 13. b4 Ka8 14. Qd3 Nb8 15. b5 c6 16. a4 a5 17. bxa6 Qc8 18. Rfb1 Ka7 19. Qb3 Qxa6 20. Nf4 Nc8 21. Nxe6 Rd7 22. Nh4 Be7 23. Nxf5 g6 24. a5 b5 25. Nxe7 Nxe7 26. Nc5 Qc8 27. Nxd7 Qxd7 28. Qb4 Na6 29. Qd6 Qxd6 30. exd6 Nf5 31. Bf4 g5 32. Be5 Rd8 33. c3 g4 34. Re1 Kb7 35. Bf4 b4 36. Re5 Nxd6 37. Re7+ Kc8 38. Bxd6 Rxd6 39. cxb4 Rd7 40. Rxd7 Kxd7 41. Kf1 Kc7 42. Rb1 1-0

[Event "SWE-ch U18"]
[Site "Linkoping"]
[Date "1996.??.??"]
[Round "?"]
[White "Landgren, Andreas"]
[Black "Nilsson, Anders"]
[Result "0-1"]
[WhiteElo "2075"]
[BlackElo "2472"]
[PlyCount "68"]
[EventDate "1996.??.??"]
[EventType "tourn"]
[EventRounds "13"]
[EventCountry "SWE"]
[SourceTitle "EXT 2000"]
[Source "ChessBase"]
[SourceDate "1999.11.16"]
[SourceVersion "1"]
[SourceVersionDate "1999.11.16"]
[SourceQuality "1"]

1. d4 Nf6 2. c4 g6 3. Nc3 Bg7 4. e4 d6 5. Bd3 0-0 6. Nge2 c5 7. d5 Na6 8. 0-0 Nc7 9. h3 Nd7 10. Bc2 Rb8 11. a4 b6 12. f4 a6 13. Qd3 Bb7 14. Be3 Ba8 15. Ng3 Qc8 16. e5 dxe5 17. f5 e4 18. Qxe4 b5 19. fxg6 hxg6 20. Nf5 gxf5 21. Rxf5 e6 22. Qh4 exf5 23. Bxf5 Re8 24. Qh7+ Kf8 25. Bxc5+ Nxc5 26. Bxc8 Rbxc8 27. axb5 axb5 28. h4 bxc4 29. d6 N7e6 30. Rf1 Rcd8 31. h5 Rxd6 32. h6 Bd4+ 33. Kh1 Ng5 34. Rxf7+ Nxf7 0-1

[Event "SWE-ch U18"]
[Site "Linkoping"]
[Date "1996.??.??"]
[Round "?"]
[White "Nilsson, Anders"]
[Black "Tagesson, Bjorn"]
[Result "1/2-1/2"]
[WhiteElo "2472"]
[BlackElo "2075"]
[PlyCount "81"]
[EventDate "1996.??.??"]
[EventType "tourn"]
[EventRounds "13"]
[EventCountry "SWE"]
[SourceTitle "EXT 2000"]
[Source "ChessBase"]
[SourceDate "1999.11.16"]
[SourceVersion "1"]
[SourceVersionDate "1999.11.16"]
[SourceQuality "1"]

1. e4 c5 2. c4 Nc6 3. Nc3 g6 4. g3 Bg7 5. Bg2 e6 6. Nge2 Nge7 7. 0-0 0-0 8. Rb1 d6 9. d3 b6 10. a3 Bb7 11. b4 Qd7 12. Bg5 h6 13. Bd2 Rfd8 14. Qb3 Kh7 15. Rfc1 Rac8 16. Na4 Ba8 17. b5 Nd4 18. Nxd4 Bxd4 19. Bc3 Bxc3 20. Nxc3 d5 21. Rd1 dxc4 22. dxc4 Qc7 23. a4 Rxd1+ 24. Rxd1 Rd8 25. Rxd8 Qxd8 26. Qd1 Qxd1+ 27. Nxd1 g5 28. Nc3 Ng6 29. Bf3 Ne5 30. Be2 g4 31. Kf1 Kg6 32. Ke1 f5 33. exf5+ Kxf5 34. Kd2 Be4 35. Nd1 h5 36. Ne3+ Kf6 37. Kc3 Kg6 38. Kd2 Kf6 39. Kc3 Kg6 40. Kd2 Kf6 41. Kc3 1/2-1/2